| 000 | 00901nam a2200181Ia 4500 | ||
|---|---|---|---|
| 008 | 100921s9999 xx 000 0 und d | ||
| 082 |
_b35211 _a796 न 02 |
||
| 100 | _aशर्मा किसनलाल. | ||
| 245 | _aसुबोध वास्तुशास्त्र फ्लॅट धारकांसाठी. | ||
| 260 |
_bमनोरमा प्रकाशन,मुंबई. _c2002 |
||
| 300 |
_a160 _bमयुरेष बुक एजन्सी,कराड |
||
| 365 | _b60 | ||
| 520 | _aकला-वास्तुशिल्पकला. | ||
| 630 | _aसुबोध वास्तुशास्त्र फ्लॅट धारकांसाठी. | ||
| 650 | _aकला-वास्तुशिल्पकला. | ||
| 730 | _aसुबोध वास्तुशास्त्र फ्लॅट धारकांसाठी. | ||
| 942 | _cBOOK | ||
| 999 |
_c784324 _d784321 |
||